Palachův odkaz / [Josef Mareš]. Kariérní vzestup řezníka-uzenáře aneb František Matějka ve světle archivních materiálů / [František Bártík, Dalimil Sypták]. Projekt Pavouk - evidování osob židovského původu a vyznání Státní bezpečností v sedmdesátých a osmdesátých letech 20. století / [Marek Suchánek, Michael Nosek]. Krycí občanské průkazy a role Veřejné bezpečnosti při jejich obstarávání během srpnové okupace v roce 1968 / [Daniel Povolný].
Record details
- ISBN: 978-80-86621-40-1
- Physical Description: 105 s. : il., portréty, faksim. ; 21 cm
- Edition: Vyd. 1.
- Publisher: Praha : Úřad dokumentace a vyšetřování zločinů komunismu, 2024
Content descriptions
| Bibliography, etc. Note: | Obsahuje bibliografii, bibliografické odkazy a rejstřík |
Search for related items by subject
| Genre: | sborníky papers of several authors |
Search for related items by series
Available copies
- 1 of 1 copy available at Common Catalog SPOK.
Holds
- 0 current holds with 1 total copy.
Show Only Available Copies
| Location | Call Number / Copy Notes | Barcode | Shelving Location | Status | Due Date |
|---|---|---|---|---|---|
| The Jewish community of Prague | N 893 | 4638304988 | N - Jiná odborná | Available | - |
| LDR | 03040nam a2200673 a 4500 | ||
|---|---|---|---|
| 001 | 58398 | ||
| 003 | CZ-PrJAB | ||
| 005 | 20150227141423.0 | ||
| 007 | ta | ||
| 008 | 250114s2024 xr ach e 000 0 cze d | ||
| 020 | . | ‡a978-80-86621-40-1 ‡q(brož.) : ‡cneprodejné | |
| 035 | . | ‡a(CZ PrNK)nkc20142638221 | |
| 040 | . | ‡aABE461 ‡bcze ‡erda | |
| 100 | 1 | . | ‡aMareš, Josef ‡4aut |
| 245 | 1 | 0. | ‡aPalachův odkaz / ‡c[Josef Mareš]. Kariérní vzestup řezníka-uzenáře aneb František Matějka ve světle archivních materiálů / [František Bártík, Dalimil Sypták]. Projekt Pavouk - evidování osob židovského původu a vyznání Státní bezpečností v sedmdesátých a osmdesátých letech 20. století / [Marek Suchánek, Michael Nosek]. Krycí občanské průkazy a role Veřejné bezpečnosti při jejich obstarávání během srpnové okupace v roce 1968 / [Daniel Povolný]. |
| 250 | . | ‡aVyd. 1. | |
| 264 | 1. | ‡aPraha : ‡bÚřad dokumentace a vyšetřování zločinů komunismu, ‡c2024 | |
| 300 | . | ‡a105 s. : ‡bil., portréty, faksim. ; ‡c21 cm | |
| 336 | . | ‡atext ‡btxt ‡2rdacontent | |
| 337 | . | ‡abez média ‡bn ‡2rdamedia | |
| 338 | . | ‡asvazek ‡bnc ‡2rdacarrier | |
| 490 | 1 | . | ‡aSemper paratus ; ‡vč. 7 |
| 504 | . | ‡aObsahuje bibliografii, bibliografické odkazy a rejstřík | |
| 653 | 0 | . | ‡aPalachův týden ‡aperzekuce politická |
| 653 | 0 | . | ‡aperzekuce náboženská ‡aStátní bezpečnost ‡apronásledování Židů |
| 655 | 7. | ‡asborníky ‡7fd163935 ‡2czenas | |
| 655 | 9. | ‡apapers of several authors ‡2eczenas | |
| 700 | 1 | . | ‡aBártík, František ‡4aut |
| 700 | 1 | . | ‡aSypták, Dalimil ‡4aut |
| 700 | 1 | . | ‡aSuchánek, Marek ‡4aut |
| 700 | 1 | . | ‡aNosek, Michael ‡4aut |
| 700 | 1 | . | ‡aPovolný, Daniel ‡4aut |
| 830 | 0. | ‡aSemper paratus | |
| 910 | . | ‡aABE461 | |
| 995 | . | ‡aska | |
| 901 | . | ‡a58398 ‡bAUTOGEN ‡c58398 ‡tbiblio | |